Tekken - À quels personnages appartiennent les coups suivants ? - Statistiques

Statistiques générales
  • Ce quiz a été pris 29 fois
    28 depuis la dernière actualisation
  • Le résultat moyen est 5 sur 20
Statistiques - réponses
Question Réponse % Correct
A quel personnage appartient le coup suivant : Wandering Soul ? Feng Wei
100%
A quel personnage appartient le coup suivant : Mantis Heel ? Zafina
75%
A quel personnage appartient le coup suivant : AirBorne Tatsumaki Zankukyaku ? Akuma
67%
A quel personnage appartient le coup suivant : Heaven's Door ? Angel
67%
A quel personnage appartient le coup suivant :Langouste Tail ? Bob
67%
A quel personnage appartient le coup suivant :Croque-Monsieur ? Bob
67%
A quel personnage appartient le coup suivant : Fruit Picker ? Eddy Gordo
67%
A quel personnage appartient le coup suivant : The Zen Turn ? Lei Wulong
67%
A quel personnage appartient le coup suivant : Galaxy Uppercut ? Alex
50%
A quel personnage appartient le coup suivant : Frankensteiner ? Armor King
50%
A quel personnage appartient le coup suivant : Enchanted Circle ? Asuka Kazama
50%
A quel personnage appartient le coup suivant : Cremation ? Bryan Fury
50%
A quel personnage appartient le coup suivant : Flash Punch Combo ? Devil
50%
A quel personnage appartient le coup suivant : Rising Chaos ? Eliza
50%
A quel personnage appartient le coup suivant : Ball Breaker ? Forest Law
50%
A quel personnage appartient le coup suivant : Rouendou ? Geese Howards
50%
A quel personnage appartient le coup suivant : Flamingo Shuffle ? Hwoarang
50%
A quel personnage appartient le coup suivant : Focus Attack ? Akuma
43%
A quel personnage appartient le coup suivant : Stealing Home ? Bob
40%
A quel personnage appartient le coup suivant : Rabid Bulldog ? Bruce Irvin
40%
A quel personnage appartient le coup suivant : Rose Thorn ? Eliza
40%
A quel personnage appartient le coup suivant : Firestorm ? Feng Wei
40%
A quel personnage appartient le coup suivant : Dark Halberd ? Baek Doo San
33%
A quel personnage appartient le coup suivant : Pollux ? Claudio Serafino
33%
A quel personnage appartient le coup suivant : Fake Doctor ? Dr.Bosconovitch
33%
A quel personnage appartient le coup suivant : Pancake Press ? Jack-7
33%
A quel personnage appartient le coup suivant : Dark Buzzsaw ? Armor King
25%
A quel personnage appartient le coup suivant : Asfixiante ? Christie Monteiro
25%
A quel personnage appartient le coup suivant : Overkill ? Gigas
25%
A quel personnage appartient le coup suivant : Migraine ? Hwoarang
25%
A quel personnage appartient le coup suivant : Sandbox ? Alisa Bosconovitch
20%
A quel personnage appartient le coup suivant : Bulldog Bite ? Bruce Irvin
20%
A quel personnage appartient le coup suivant : Tornado Combo ? Gon
17%
A quel personnage appartient le coup suivant : Cut Saw ? Gun Jack
17%
A quel personnage appartient le coup suivant : Family Jewels ? Baek Doo San
14%
A quel personnage appartient le coup suivant : Complicated Wire ? Devil Jin
14%
A quel personnage appartient le coup suivant : Bobbin Dance ? Alex
0%
A quel personnage appartient le coup suivant : Hang-Up ? Alisa Bosconovitch
0%
A quel personnage appartient le coup suivant : Spiral Lotus ? Angel
0%
A quel personnage appartient le coup suivant : Ice Sickle ? Anna Williams
0%
A quel personnage appartient le coup suivant : Sosho Zanha ? Anna Williams
0%
A quel personnage appartient le coup suivant : Narcissus ? Asuka Kazama
0%
A quel personnage appartient le coup suivant : Course Picante ? Bob
0%
A quel personnage appartient le coup suivant : Sniper Slash ? Bruce Irvin
0%
A quel personnage appartient le coup suivant : Vulcan Cannon ? Bryan Fury
0%
A quel personnage appartient le coup suivant : Requiem ? Bryan Fury
0%
A quel personnage appartient le coup suivant : Barbed Wire ? Christie Monteiro
0%
A quel personnage appartient le coup suivant : Superbia ? Claudio Serafino
0%
A quel personnage appartient le coup suivant : Stun Gun ? Combot
0%
A quel personnage appartient le coup suivant : Angel Heart ? Combot
0%
A quel personnage appartient le coup suivant : Atomic Drop ? Devil
0%
A quel personnage appartient le coup suivant : Shoot the Works ? Devil Jin
0%
A quel personnage appartient le coup suivant : Pigeon Roll ? Dragunov
0%
A quel personnage appartient le coup suivant : Missile Laucher ? Eddy Gordo
0%
A quel personnage appartient le coup suivant : Maximum Voltage ? Fahkumram
0%
A quel personnage appartient le coup suivant : Demon Horns ? Fahkumram
0%
A quel personnage appartient le coup suivant : Sun and Moon ? Forest Law
0%
A quel personnage appartient le coup suivant : Falling Statue ? Ganryu
0%
A quel personnage appartient le coup suivant : Iron Elbow ? Ganryu
0%
A quel personnage appartient le coup suivant : Flying Gauntlet ? Gigas
0%
A quel personnage appartient le coup suivant : Battering Ram ? Gon
0%
A quel personnage appartient le coup suivant : Sumo Stomp ? Gun Jack
0%
A quel personnage appartient le coup suivant : Subjugator ? Heihachi Mishima
0%
A quel personnage appartient le coup suivant : Dark Thrust ? Heihachi Mishima
0%
A quel personnage appartient le coup suivant : Pickpocket ? Hwoarang
0%
A quel personnage appartient le coup suivant : Dark Greeting ? Jack-7
0%
Aucun quiz correspondant
Distribution des résultats
% des personnes avec chaque résultat
Percentile par nombre de réponses
Votre historique - résultats
Vous n’avez pas pris ce quiz depuis la dernière actualisation